| 000 | 01111nam a2200277 i 4500 | ||
|---|---|---|---|
| 001 | bg | ||
| 100 | 1 | _aSTOBIERSKI, Ludosław | |
| 245 | 0 |
_aWęglik krzemu = _bSilicon carbide : budowa, właściwości i otrzymywanie / _cLudosław Stobierski. |
|
| 246 | 1 | 1 |
_aSilicon carbide _bstructure, properties and manufacturing |
| 260 |
_aKraków : _bPolskie Towarzystwo Ceramiczne, _c1996. |
||
| 300 |
_a114, [3] s. : _bfot., rys. ; _c24 cm. |
||
| 490 | 1 |
_aPrace Komisji Nauk Ceramicznych / Polska Akademia Nauk. Ceramika, _x0860-3340 ; _v48 |
|
| 490 | 1 |
_aPolski Biuletyn Ceramiczny / Polskie Towarzystwo Ceramiczne ; _v10 |
|
| 500 | _aNazwa aut. z okł. | ||
| 504 | _aBibliogr. s. 98-114. Summ. | ||
| 650 | 9 |
_aCeramika _xmateriały _xbadanie |
|
| 650 | 9 |
_aWęgliki _xbadanie |
|
| 650 | 9 |
_aKrzem _xzwiązki _xbadanie |
|
| 830 | 0 |
_aPrace Komisji Nauk Ceramicznych (Polska Akademia Nauk). _pCeramika ; _v48 |
|
| 830 | 0 |
_aPolski Biuletyn Ceramiczny (Polskie Towarzystwo Ceramiczne) ; _v10 |
|
| 040 | _cBPK | ||
| 041 | 0 |
_apl _ben |
|
| 080 | _a666.3/.7:546.26 | ||
| 942 | _cKS | ||
| 008 | s pl f |000 0 pol | ||
| 999 |
_c30899 _d30899 |
||
| 856 |
_uhttp://koha.tu.koszalin.pl/cgi-bin/koha/opac-detail.pl?biblionumber=30899 _yKatalog online BPK |
||